000 00914cam a22002773a 4500
001 17407
003 PGUSA
005 20140828083354.0
008 051228s2005||||xxu|||||s|||||000 | eng d
040 _aPGUSA
_beng
042 _adc
050 4 _aDL
100 1 _aWhitlocke, Bulstrode,
_d1605-1675
245 1 2 _aA Journal of the Swedish Embassy in the Years 1653 and 1654, Vol II.
_h[electronic resource] /
_cBulstrode Whitlocke
260 _bProject Gutenberg,
_c2005
506 _aPublic domain in the USA.
516 _aElectronic text
653 _aSweden -- History -- Christina, 1632-1654
653 _aGreat Britain -- Foreign relations -- Sweden
653 _aSweden -- Foreign relations -- Great Britain
700 1 _aReeve, Henry,
_d1813-1895
700 1 _aMorton, Charles,
_d1716-1799
830 0 _aProject Gutenberg
_v17407
856 4 0 _uhttp://www.gutenberg.org/ebooks/17407
942 _cEB
999 _c246662
_d246662